banner-ar

المتنبى والاغتراب / (Record no. 43692)

MARC details
000 -الفاتح
حقل البيانات ثابتة الطول 00635nam a2200205Ia 4500
008 - عناصر البيانات ثابتة الطول - معلومات عامة
حقل البيانات ثابتة الطول 140319s9999 xx 000 0 ara d
040 ## - مصدر الفهرسة
وكالة الفهرسة الأصلية GCL /
وكالة النسخ GCL
082 04 - رقم تصنيف ديوى العشرى
رقم التصنيف 811.5
رقم المادة م م
100 1# - المدخل الرئيسى - إسم شخصى
الإسم الشخصى مجاهد عبدالمنعم مجاهد
245 10 - بيان العنوان
العنوان المتنبى والاغتراب /
بيان المسئوليه,etc مجاهد عبدالمنعم مجاهد
300 ## - الوصف المادى
التعداد 338
490 ## - بيان السلسلة
عنوان السلسلة المغتربون
رقم المجلد/ التعيين التسلسلي 0
650 04 - المدخل الاضافى بالموضوع-مصطلح موضوعى
مصطلح موضوعي الشعر العربى
650 04 - المدخل الاضافى بالموضوع-مصطلح موضوعى
مصطلح موضوعي الدولة العباسية الثانية
650 04 - المدخل الاضافى بالموضوع-مصطلح موضوعى
مصطلح موضوعي المتنبى, ابو الطيب
650 04 - المدخل الاضافى بالموضوع-مصطلح موضوعى
مصطلح موضوعي تاريخ ونقد
650 04 - المدخل الاضافى بالموضوع-مصطلح موضوعى
مصطلح موضوعي ابوالطيب
942 ## - عناصر المدخل الإضافي( كوها)
مصدر التصنيف او مخطط الترفيف Dewey Decimal Classification
Koha [default] item type كتاب
Holdings
حالة التراجع حالة الفقد حالة تلف ليس للاعارة المكان المؤقت الموقع الحالى تاريخ الاكتساب اجمالي اﻻعارات رقم الطلب الباركود تاريخ اخر مشاهدة تاريخ تفعيل السعر نوع وعاء كوها
        مكتبة القاهرة الكبرى مكتبة القاهرة الكبرى 03/26/2014   811.5\م م 105845 03/26/2014 03/26/2014 كتاب
        مكتبة القاهرة الكبرى مكتبة القاهرة الكبرى 03/26/2014   811.5\م م 105846 03/26/2014 03/26/2014 كتاب
        مكتبة القاهرة الكبرى مكتبة القاهرة الكبرى 03/26/2014   811.5\م م 105847 03/26/2014 03/26/2014 كتاب

Powered By

EGPV